LEADER 01032nam0-22003371i-450- 001 990007787220403321 005 20151125094731.0 010 $a88-14-08782-2 035 $a000778722 035 $aFED01000778722 035 $a(Aleph)000778722FED01 035 $a000778722 100 $a20030814d2001----km-y0itay50------ba 101 0 $aita 200 1 $a<>nuova legge marchi$eCommento articolo per articolo della legge marchi e delle disposizioni transitorie del d.lgs.n.480/92$fAdriano Vanzetti, Cesare Galli 205 $a2. ed. aggiornata con i D.lgs.nn.198/96 e 447/99 210 $aMilano$cGiuffrè$d2001 215 $a435 p.$d22 cm 610 0 $aMarchio 676 $a346.07 700 1$aVanzetti,$bAdriano$0132947 701 1$aGalli,$bCesare$0237462 801 0$aIT$bUNINA$gRICA$2UNIMARC 901 $aBK 912 $a990007787220403321 952 $aDPR 19/B-308$b19202$fDEC 952 $a12-B-143$b12001/a$fDDCP 959 $aDEC 959 $aDDCP 996 $aNuova legge marchi$9662806 997 $aUNINA LEADER 00916nam0-22003131--450- 001 990008739460403321 005 20090311102418.0 010 $a2020006537 035 $a000873946 035 $aFED01000873946 035 $a(Aleph)000873946FED01 035 $a000873946 100 $a20081022d1972----km-y0itay50------ba 101 0 $afre 102 $aFR 105 $aa-------001yy 200 1 $a<>république jacobine 10 août 1792 - 9 thermidor an II$fMarc Bouloiseau 210 $aParis$cSeuil$d1972 215 $a286 p.$cill.$d18 cm 225 1 $aNouvelle histoire de la France contemporaine$v2 676 $a944.042$v19$zita 700 1$aBouloiseau,$bMarc$0133853 801 0$aIT$bUNINA$gRICA$2UNIMARC 901 $aBK 912 $a990008739460403321 952 $aSDI-2KG 192$bs.i.$fSDI 959 $aSDI 996 $aRépublique jacobine 10 août 1792 - 9 thermidor an II$9720731 997 $aUNINA